000 01002cam a22002774a 4500
001 13552909
003 ARRUPE
005 20150312145447.0
008 040409s2004 miuab b 001 0beng
010 _a 2004008418
020 _a080102644X
040 _aDLC
_cDLC
_dDLC
042 _apcc
050 0 0 _aBS2615.53
_b.K67 2004
082 0 0 _a226.5/077
_222
100 1 _aKöstenberger, Andreas J.,
_d1957-
_915386
245 1 0 _aJohn /
_cAndreas J. Köstenberger.
260 _aGrand Rapids, Mich. :
_bBaker Academic,
_cc2004.
300 _axx, 700 p. :
_bill., map ;
_c24 cm.
440 0 _aBaker exegetical commentary on the New Testament
_91751
504 _aIncludes bibliographical references (p. 607-640) and indexes.
630 0 0 _aBible.
_pJohn
_vCommentaries.
_911790
906 _a7
_bcbc
_corignew
_d1
_eecip
_f20
_gy-gencatlg
942 _2lcc
_cMONOGRAPH
999 _c122133
_d122133